Fr. Conceicao Rodrigues College of Engineering

Digital Mobile communications and the TETRA system (Record no. 32287)

MARC details
000 -LEADER
fixed length control field 00323nam a2200133Ia 4500
100 ## - MAIN ENTRY--PERSONAL NAME
Personal name Dunlop/John/ Grima/D
245 ## - TITLE STATEMENT
Title Digital Mobile communications and the TETRA system
260 ## - PUBLICATION, DISTRIBUTION, ETC.
Name of publisher, distributor, etc. John wiley
Place of publication, distribution, etc. New Delhi
Date of publication, distribution, etc. 1999
366 ## - TRADE AVAILABILITY INFORMATION
Publishers's discount category 10
300 ## - PHYSICAL DESCRIPTION
Extent 436
546 ## - LANGUAGE NOTE
Language note ENGLISH
654 ## - SUBJECT ADDED ENTRY--FACETED TOPICAL TERMS
Focus term mobile communication
942 ## - ADDED ENTRY ELEMENTS (KOHA)
Koha item type Reference Book
Holdings
Withdrawn status Lost status Damaged status Not for loan Collection Home library Current library Date acquired Source of acquisition Cost, normal purchase price Inventory number Total Checkouts Full call number Barcode Date last seen Cost, replacement price Price effective from Koha item type
        CRC Fr. Agnel's C.Rodrigues College of Engineering Fr. Agnel's C.Rodrigues College of Engineering 17/03/2023 Chemtech Books Pvt.Ltd. 8027.00 20 dt 07/05/2008   18747 17/03/2023 8037.00   Reference Book